| 000 | 00441pab a2200157 454500 | ||
|---|---|---|---|
| 008 | 180718b1987 xxu||||| |||| 00| 0 eng d | ||
| 100 | _aSudhir Anand | ||
| 245 | _aIssues in the application of cost benefit analysis to energy projects in developing countries | ||
| 260 | _c1987 | ||
| 300 | _a190-222 | ||
| 362 | _aMarch | ||
| 650 | _aCost - Benefit Analysis | ||
| 700 | _aBurry Nalebuff | ||
| 773 | _aOxford Economic Paper | ||
| 909 | _a6792 | ||
| 999 |
_c6792 _d6792 |
||